Quiz Anime personnages aux cheveux Jaunes - Statistiques

Statistiques générales
  • Ce quiz a été pris 145 fois
    138 depuis la dernière actualisation
  • Le résultat moyen est 12 sur 16
Statistiques - réponses
Par images Réponse % Correct
Naruto
99%
Minato
96%
Sanji
96%
Tsunade
96%
Meliodas
91%
All Might
89%
Kurapika
88%
Armin
85%
Lucy
85%
zenitsu
81%
Edward
79%
Denki
66%
Thorfinn
59%
Usagi
58%
Sting
41%
Howl
11%
Aucun quiz correspondant
Distribution des résultats
% des personnes avec chaque résultat
Percentile par nombre de réponses
Votre historique - résultats
Vous n’avez pas pris ce quiz depuis la dernière actualisation